IFM Opac

Tanzania Statement Of Accounting Practice (Record no. 16181)

MARC details
000 -LEADER
fixed length control field 00471nam a22001577a 4500
003 - CONTROL NUMBER IDENTIFIER
control field OSt
005 - DATE AND TIME OF LATEST TRANSACTION
control field 20220819132410.0
008 - FIXED-LENGTH DATA ELEMENTS--GENERAL INFORMATION
fixed length control field 220819b |||||||| |||| 00| 0 eng d
040 ## - CATALOGING SOURCE
Transcribing agency IFM Library
082 ## - DEWEY DECIMAL CLASSIFICATION NUMBER
Classification number OS 657
100 ## - MAIN ENTRY--PERSONAL NAME
Personal name Tanzania Statement Of Standard Accounting Practice
9 (RLIN) 5936
245 ## - TITLE STATEMENT
Title Tanzania Statement Of Accounting Practice
260 ## - PUBLICATION, DISTRIBUTION, ETC.
Place of publication, distribution, etc. TANZANIA
Name of publisher, distributor, etc. National Board of Accountants & Auditors
Date of publication, distribution, etc. 1983
300 ## - PHYSICAL DESCRIPTION
Extent 106p.:
Other physical details ill.; 19cm
942 ## - ADDED ENTRY ELEMENTS (KOHA)
Koha item type Books
Source of classification or shelving scheme Dewey Decimal Classification
Suppress in OPAC No
Holdings
Withdrawn status Lost status Source of classification or shelving scheme Damaged status Not for loan Collection code Home library Current library Shelving location Date acquired Full call number Barcode Date last seen Price effective from Koha item type
    Dewey Decimal Classification     Non-fiction IFM Main Campus Library IFM Main Campus Library Stack Collection 08/19/2022 OS 657 TAN 0000014476 08/11/2016 02/19/2022 Books